The philosophy of B*rtr*nd R*ss*ll

Saved in:
Bibliographic Details
Other Authors: Jordain, Philip E. B. (Editor)
Format: Electronic eBook
Language:English
Published: Project Gutenberg, 2011
Series:Project Gutenberg 38430
Online Access:http://www.gutenberg.org/etext/38430
Rights
Tags: Add Tag
No Tags, Be the first to tag this record!
Call Number :

MARC

LEADER 00000cam a22000003a 4500
001 72711
003 MY-KLNDU
005 20241219033831.0
008 111228s2011||||xxu|||||s|||||000 | eng d
035 |a (PGUSA)38430 
039 9 |a 202104081233  |b VLOAD  |c 202104051317  |d VLOAD  |y 202104021646  |z VLOAD 
040 |a PGUSA  |b eng 
042 |a dc 
245 1 4 |a The philosophy of B*rtr*nd R*ss*ll  |h [electronic resource] /  |c by Various; edited by Philip E. B. Jordain 
260 |b Project Gutenberg,  |c 2011 
500 |a Project Gutenberg 
506 |a Freely available. 
516 |a Electronic text 
599 |a Dummy Record 
700 1 |a Jordain, Philip E. B.,  |e Editor 
830 0 |a Project Gutenberg  |v 38430 
856 4 0 |u http://www.gutenberg.org/etext/38430 
856 4 2 |u http://www.gutenberg.org/license  |3 Rights 
999 |a vtls000081633  |c 72711  |d 72711